Effect of bile on vibrio parahaemolyticus /
Đã lưu trong:
| 其他作者: | , , , |
|---|---|
| 格式: | Bài viết |
| 語言: | English |
| 主題: | |
| 標簽: |
添加標簽
沒有標簽, 成為第一個標記此記錄!
|
| Thư viện lưu trữ: | Thư viện Trường Đại học Đà Lạt |
|---|
| LEADER | 00945nam a2200337 4500 | ||
|---|---|---|---|
| 001 | DLU090096624 | ||
| 005 | ##20091201 | ||
| 040 | # | # | |a DLU |b eng |
| 041 | # | # | |a eng |
| 044 | # | # | |a us |
| 245 | # | # | |a Effect of bile on vibrio parahaemolyticus / |c J. L. Pace ... [et al.]. |
| 653 | # | # | |a Aquatic environment |
| 653 | # | # | |a Bacteria |
| 653 | # | # | |a Bile acid |
| 653 | # | # | |a Physiology |
| 653 | # | # | |a Vibrio parahaemolyticus |
| 653 | # | # | |a Vibrionaceae |
| 700 | # | # | |a Chai, T. J. |
| 700 | # | # | |a Jiang, X. |
| 700 | # | # | |a Pace, J. L. |
| 700 | # | # | |a Rossi, H. A. |
| 773 | # | # | |t Applied and Environmental Microbiology |g Vol. 63, no. 6 (June 1997), p. 2372-2377 |
| 920 | # | # | |a Phòng Tạp chí -- Trung tâm Thông tin - Thư viện Trường Đại học Đà Lạt |
| 994 | # | # | |a DLU |
| 900 | # | # | |a True |
| 911 | # | # | |a Trương Bảo Trâm Anh |
| 925 | # | # | |a G |
| 926 | # | # | |a A |
| 927 | # | # | |a BB |
| 980 | # | # | |a Thư viện Trường Đại học Đà Lạt |